Sports Quiz

Random Sports or Baseball Quiz

MLB American League HR Champs Quiz Stats

 Plays Quiz not verified by Sporcle

Challenge
Share
Tweet
Embed
Score 0/30 Timer 04:00
0 Plays Today
# OF HOME RUNS Player % Correct
60Babe Ruth
96.2%
59Babe Ruth
96.2%
54Babe Ruth
96.2%
54Babe Ruth
96.2%
49Babe Ruth
96.2%
61Roger Maris
92.8%
52Mickey Mantle
85.3%
57Alex Rodriguez
79.6%
54Alex Rodriguez
79.6%
52Alex Rodriguez
79.6%
48Alex Rodriguez
79.6%
48Ken Griffey
70.2%
49Mark McGwire
67.7%
52Mark McGwire
67.7%
58Jimmie Foxx
66.1%
# OF HOME RUNS Player % Correct
48Jimmie Foxx
66.1%
58Hank Greenberg
61.8%
54David Ortiz
61.4%
49Lou Gehrig
59.2%
49Lou Gehrig
59.2%
49Harmon Killebrew
52.4%
49Harmon Killebrew
52.4%
48Harmon Killebrew
52.4%
56Ken Griffey
52%
56Ken Griffey
52%
51Cecil Fielder
52%
54José Bautista
48%
50Albert Belle
43.6%
49Frank Robinson
39.2%
47Troy Glaus
16.9%

You're not logged in!

Compare scores with friends on all Sporcle quizzes.
OR
Log In

You Might Also Like...

Show Comments

Extras

Created Apr 12, 2012ReportNominate
Tags:Baseball Quiz, Home Runs

Top Quizzes Today


Score Distribution

Your Account Isn't Verified!

In order to create a playlist on Sporcle, you need to verify the email address you used during registration. Go to your Sporcle Settings to finish the process.

Report this User

Report this user for behavior that violates our Community Guidelines.

Details: